Pueblos Mágicos de España - Estadísticas

Estadísticas generales
  • Esta prueba ha sido intentada 64 veces
    13 desde el último reinicio
  • La puntuación promedio es 3 de 167
Estadísticas de respuestas
Comunidad Autónoma Provincia Pueblo % Correcto
Andalucía Cádiz Alcalá de los Gazules
18%
Andalucía Cádiz Chipiona
18%
Castilla y León Palencia Frómista
18%
Andalucía Cádiz Villaluenga del Rosario
18%
Castilla y León Soria Almazán
9%
Canarias Santa Cruz de Tenerife Arona
9%
Andalucía Málaga Atajate
9%
Castilla y León Palencia Becerril de Campos
9%
Andalucía Cádiz Bornos
9%
Andalucía Córdoba Cabra
9%
Galicia Pontevedra Cambados
9%
Castilla-La Mancha Ciudad Real Campo de Criptana
9%
Asturias Asturias Cangas de Onís
9%
Andalucía Jaén Castellar
9%
Galicia Pontevedra Combarro
9%
Andalucía Sevilla El Coronil
9%
Extremadura Badajoz Fregenal de la Sierra
9%
Andalucía Huelva Higuera de la Sierra
9%
Aragón Teruel Jabaloyas
9%
Comunidad de Madrid Madrid Loeches
9%
Andalucía Huelva Minas de Riotinto
9%
Asturias Asturias Navia
9%
Andalucía Huelva Palos de la Frontera
9%
Castilla y León Burgos Peñaranda de Duero
9%
Andalucía Huelva Puerto Moral
9%
Galicia Orense Ribadavia
9%
Castilla y León León Sahagún
9%
Andalucía Málaga Tolox
9%
Castilla y León Zamora Toro
9%
Andalucía Sevilla Utrera
9%
Andalucía Cádiz Zahara de los Atunes
9%
Andalucía Almería Abrucena
0%
Aragón Teruel Alcalá de la Selva
0%
Extremadura Cáceres Alcántara
0%
Andalucía Málaga Alfarnate
0%
Cantabria Cantabria Alfoz de Lloredo
0%
Aragón Teruel Aliaga
0%
Asturias Asturias Allande
0%
Andalucía Córdoba Almedinilla
0%
Andalucía Granada Alpujarra de la Sierra
0%
Galicia Orense A Pobra de Trives
0%
Castilla-La Mancha Guadalajara Arbancón
0%
Castilla y León Ávila Arévalo
0%
Aragón Zaragoza Ariza
0%
Andalucía Jaén Arjona
0%
Andalucía Jaén Arjonilla
0%
Andalucía Málaga Arriate
0%
Canarias Las Palmas Artenara
0%
Cantabria Cantabria Astillero
0%
Aragón Huesca Ayerbe
0%
Castilla-La Mancha Albacete Aýna
0%
Aragón Zaragoza Belchite
0%
Castilla-La Mancha Cuenca Belmonte
0%
Aragón Teruel Belmonte de San José
0%
Castilla-La Mancha Cuenca Beteta
0%
Castilla-La Mancha Albacete Bogarra
0%
Aragón Zaragoza Borja
0%
Castilla y León Palencia Brañosera
0%
Castilla-La Mancha Guadalajara Brihuega
0%
Aragón Huesca Broto
0%
Castilla-La Mancha Cuenca Buendía
0%
Andalucía Córdoba Bujalance
0%
Extremadura Badajoz Cabeza la Vaca
0%
Extremadura Cáceres Cabezuela del Valle
0%
Extremadura Badajoz Calera de León
0%
Andalucía Córdoba Cañete de las Torres
0%
Andalucía Málaga Canillas de Aceituno
0%
Castilla-La Mancha Albacete Carcelén
0%
Andalucía Granada Castell de Ferro
0%
Castilla y León Soria Castillejo de Robledo
0%
Castilla y León Valladolid Castronuño
0%
Asturias Asturias Castropol
0%
Andalucía Jaén Cazorla
0%
Asturias Asturias Cecos
0%
Castilla y León Salamanca Cepeda
0%
Andalucía Jaén Chiclana de Segura
0%
Asturias Asturias Coaña
0%
Andalucía Málaga Comares
0%
Andalucía Huelva Cortegana
0%
Andalucía Huelva Cumbres Mayores
0%
La Rioja La Rioja Cuzcurrita de Río Tirón
0%
Castilla y León Soria Duruelo de la Sierra
0%
Andalucía Málaga El Borge
0%
País Vasco Álava Elburgo
0%
País Vasco Álava Elciego
0%
Castilla y León Ávila El Tiemblo
0%
Andalucía Almería Enix
0%
Castilla-La Mancha Toledo Escalona
0%
Baleares Baleares Ferrerías
0%
Aragón Teruel Fortanete
0%
Andalucía Málaga Fuente de Piedra
0%
Extremadura Badajoz Fuentes de León
0%
Aragón Zaragoza Gallocanta
0%
Extremadura Cáceres Garrovillas de Alconétar
0%
Andalucía Málaga Gaucín
0%
Andalucía Granada Gor
0%
Andalucía Granada Gualchos
0%
Canarias Santa Cruz de Tenerife Icod de los Vinos
0%
Andalucía Córdoba Iznájar
0%
Andalucía Jaén Iznatoraf
0%
Aragón Huesca Jasa
0%
Castilla y León Ávila La Adrada
0%
Andalucía Granada La Calahorra
0%
Comunidad Valenciana Valencia La Font de la Figuera
0%
Aragón Teruel La Iglesuela del Cid
0%
Andalucía Huelva La Palma del Condado
0%
Castilla-La Mancha Toledo La Puebla de Montalbán
0%
Galicia Orense Larouco
0%
Castilla y León Ávila Las Navas del Marqués
0%
Andalucía Almería Laujar de Andarax
0%
Asturias Asturias Luarca
0%
Castilla y León Ávila Madrigal de las Altas Torres
0%
Comunidad Valenciana Castellón Mascarell
0%
Región de Murcia Murcia Mazarrón
0%
Extremadura Badajoz Medellín
0%
Cantabria Cantabria Miengo
0%
Castilla-La Mancha Guadalajara Molina de Aragón
0%
Castilla y León Ávila Mombeltrán
0%
Andalucía Granada Montefrío
0%
Comunidad Valenciana Valencia Montesa
0%
Aragón Teruel Mora de Rubielos
0%
Aragón Teruel Mosqueruela
0%
Región de Murcia Murcia Mula
0%
Comunidad Valenciana Castellón Nules
0%
Andalucía Granada Orce
0%
Andalucía Jaén Orcera
0%
Aragón Teruel Orihuela del Tremedal
0%
Galicia Lugo O Vicedo
0%
Castilla y León Valladolid Peñafiel
0%
Aragón Teruel Peñarroya de Tastavins
0%
Castilla y León Ávila Piedralaves
0%
Andalucía Granada Pinos Genil
0%
Andalucía Granada Polícar
0%
Galicia Lugo Portomarín
0%
Andalucía Granada Pórtugos
0%
Andalucía Granada Puebla de Don Fadrique
0%
Cantabria Cantabria Reocín
0%
Andalucía Granada Salar
0%
Asturias Asturias Salas
0%
Asturias Asturias San Esteban - Muros de Nalón
0%
Castilla y León León San Facundo
0%
Comunidad de Madrid Madrid San Lorenzo de El Escorial
0%
Comunidad de Madrid Madrid San Martín de Valdeiglesias
0%
Castilla y León Burgos Santa Gadea del Cid
0%
Extremadura Badajoz Segura de León
0%
Comunidad Valenciana Valencia Simat de la Valldigna
0%
Andalucía Granada Sorvilán
0%
Almería Almería Tabernas
0%
Asturias Asturias Tapia de Casariego
0%
Asturias Asturias Taramundi
0%
Castilla y León Valladolid Tiedra
0%
Canarias Santa Cruz de Tenerife Tijarafe
0%
Andalucía Granada Torvizcón
0%
Castilla y León Segovia Turégano
0%
Aragón Zaragoza Uncastillo
0%
Castilla-La Mancha Albacete Valdeganga
0%
País Vasco Álava Valdegovía
0%
Canarias Santa Cruz de Tenerife Vallehermoso
0%
Andalucía Granada Vélez de Benaudalla
0%
Navarra Navarra Viana
0%
Andalucía Almería Vícar
0%
Cataluña Lérida Vilaller
0%
Canarias Santa Cruz de Tenerife Villa de Mazo
0%
Castilla-La Mancha Ciudad Real Viso del Marqués
0%
Andalucía Granada Víznar
0%
Castilla-La Mancha Toledo Yepes
0%
Extremadura Badajoz Zalamea de la Serena
0%
No se encontraron pruebas coincidentes
Distribución de puntuación
Porcentaje de gente con cada puntuación
Porcentaje por número respondido
Historial de tus puntuaciones
No has intentado esta prueba desde el último reinicio